Merre tovább száraztésztapiac, avagy milyen marketing és értékesítési lehetőségek kínálkoznak a növekedésre a Mary-Ker Pasta Kft. példáján keresztül bemutatva

Bibliográfiai részletek
Szerző: Kiss János
További közreműködők: Fodor Dr. Mónika
Dokumentumtípus: Diplomadolgozat
Kulcsszavak:Marketing
Értékesítés
Kereskedelem
Mary Ker Pasta Kft.
Tészta
Száraztészta
Online Access:http://dolgozattar.uni-bge.hu/3816

MARC

LEADER 00000nta a2200000 i 4500
001 dolg3816
005 20160512153918.0
008 151207suuuu hu om 000 hun d
040 |a BGE Dolgozattár Repozitórium  |b hun 
041 |a hu 
100 1 |a Kiss János 
245 1 0 |a Merre tovább száraztésztapiac, avagy milyen marketing és értékesítési lehetőségek kínálkoznak a növekedésre a Mary-Ker Pasta Kft. példáján keresztül bemutatva  |c Kiss János  |h [elektronikus dokumentum] 
246 1 1 |a Merre tovább száraztésztapiac, avagy milyen marketing és értékesítési lehetőségek kínálkoznak a növekedésre a Mary-Ker Pasta Kft. példáján keresztül bemutatva 
695 |a Marketing 
695 |a Értékesítés 
695 |a Kereskedelem 
695 |a Mary Ker Pasta Kft. 
695 |a Tészta 
695 |a Száraztészta 
700 1 |a Fodor Dr. Mónika   |e ths 
856 4 0 |u http://dolgozattar.uni-bge.hu/3816/1/Szakdolgozat_2015%2011%2024_Vegleges.pdf  |z Dokumentum-elérés